00342pab a2200133 454500008004000000100002700040245005100067260000900118300001400127362000800141650001000149650002000159773002900179180718b2006 xxu||||| |||| 00| 0 eng d aAcemoglu, Daron et al. aDid medicare induce pharmaceutical innovation? c2006 ap.103-07. aMay aDrugs aHealth services aAmerican Economic Review